000 00558nam a22001937a 4500
003 0
005 20240910084754.0
008 240904b xxu||||| |||| 00| 0 eng d
020 _a971-116-208-3
050 _aLB 1537
_b.P238m 2024
100 _aParker, Don H.
245 _aMark II reading laboratory 2b /
_cDon H. Parker.
260 _aQuezon City :
_bAbiva Publishing House, Inc.,
_c2024.
300 _a108 p. ;
_c25 cm.
440 _aStudent Record Book
650 _aReading (Elementary)
710 _aScience Research Associates.
942 _2lcc
_cBK
999 _c366174
_d366174